Компанията на Мечо Клепоушко (Запис номер 148781)
[ съкратено ]
| 000 -Лидер | |
|---|---|
| Контролно поле с фиксирана дължина | 01281nam a2200313 c 4500 |
| 003 - Код на организацията, давaща контролен номер | |
| Контролно поле | BLK |
| 005 - Дата и час на последна редакция | |
| Контролно поле | 20230728115820.0 |
| 008 - Елементи от данни с фиксирана дължина | |
| fixed length control field | 180410b bul|||||r ||||||| ||bul|| |
| 010 ## - Наследен системен номер | |
| LC control number | KNG00155009000 |
| 040 ## - Източник на каталожния запис | |
| Идентификатор на билиотеката - собственик на записа | BLK |
| 041 ## - Код за език | |
| Код за езика на текст/звукозапис или на отделно заглавие | Български |
| Код за езика КДБФ | Български |
| 080 ## - УДК | |
| Текстов определител УДК | Полска литература |
| УДК код - определител по УДК | 821.162.1 |
| УДК определител | -93-32 |
| УДК - код + определител | 821.162.1-93-32 |
| 100 1# - Редна дума - Автор | |
| Автор | Янчарски, Чеслав |
| Авторска отговорност | първи автор |
| R(LIN) | 145960 |
| 139 ## - Редно поле | |
| Редна дума | Янчарски, Чеслав |
| Авторски знак | Янч - Я 71 |
| 245 10 - Сведения за заглавието | |
| Заглавие | Компанията на Мечо Клепоушко |
| Подзаглавни данни | Разкази за деца |
| Редно поле (дума) | Чеслав Янчарски; прев. от пол. Сабина Радева; ил. Збигнев Рихлицки. |
| 257 ## - Страна на издаване | |
| Страна на създаване/издаване | Полша |
| 260 ## - Област на издателските данни | |
| -- | София |
| Име на издателя, разпространителя и проч. | Нар. култура |
| Година на издаване | 1966 |
| 300 ## - Физическа характеристика | |
| Страници | 76 с. |
| Илюстрации и др. | с ил. |
| Размери/Мащаб | 27 см |
| 380 ## - Жанр | |
| Жанр | Детска худож. лит. |
| 500 ## - Общи забележки | |
| Забележка | 45 090 тир. |
| 700 1# - Други автори (авторска отговорност) | |
| Лично име | Радева, Сабина |
| Автороска отговорност (Описва отношението между автора и произведението) | прев. от пол. |
| 9 (RLIN) | 375957 |
| 700 1# - Други автори (авторска отговорност) | |
| Лично име | Рихлицки, Збигнев |
| Автороска отговорност (Описва отношението между автора и произведението) | ил. |
| 9 (RLIN) | 330137 |
| 852 ## - Местоположение | |
| Форматна сигнатура | Цб ІІ 19143 |
| 856 4# - Електронен адрес и достъп | |
| Електронен формат | pdf - файл |
| Път до файла /url/ | |
| 856 4# - Електронен адрес и достъп | |
| Електронен формат | pdf - файл |
| Път до файла /url/ | |
| 942 ## - АРТИКУЛИ | |
| Вид на библиотечния материал | Книги |
| Скрит в OPAC | Не |
| Koha issues (borrowed), all copies | 2 |
| 944 ## - СЪЗДАВАНЕ И РЕДАКЦИЯ на ЗАПИСА | |
| Създаване/Редакция | Създаване |
| Дата на регистрацията/редакция | 27.12.2013 |
| Статус, дата на статуса | Русанова Ирена |
| Служител, извършил регистрацията/редакцията | 30542 |
| 944 ## - СЪЗДАВАНЕ И РЕДАКЦИЯ на ЗАПИСА | |
| Създаване/Редакция | Редакция |
| Дата на регистрацията/редакция | 29.09.2017 |
| Статус, дата на статуса | 27.12.2013 - от С1,Р / 27.12.2013 |
| Служител, извършил регистрацията/редакцията | Вася_Ганчева |
| 999 ## - СИСТЕМНИ КОНТРОЛНИ НОМЕРА | |
| Koha biblionumber | 148781 |
| Koha biblioitemnumber | 148781 |
| Код за отписване | Код за изгубен артикул | Източник на класификационната схема | Код за повреда | Коз за рестрикции | Код за отдаване | Артикулен № | Име на библиотеката - собственик | Име на библиотеката, в която се намира в момента | Статус (Текущо местоположение) | Дата на вписване в системата | Местоположение - отдел | Цена в лева | Инвентарен номер | Систематично азбучна сигнатура | Баркод | Номер на екземпляра | Цена в евро | Служебна бележка | Служебен тип на артикула | Бележка за публиката |
|---|---|---|---|---|---|---|---|---|---|---|---|---|---|---|---|---|---|---|---|---|
| Не е изгубен | Universal Decimal Classification | Не е повреден | само за читалня | ползва се в читалня | 247883 | Регионална библиотека "Любен Каравелов" Русе | Регионална библиотека "Любен Каравелов" Русе | Хранилище | 1966-01-01 | Хранилище | 0.95 | 18154/66 | Цб ІІ 19143 | 900000038240 | 1 | 0.49 | N: стар фонд Дата: 01.01.1966 | Книги | ||
| Изтеглен | Не е изгубен | Не е повреден | без рестрикции | заемане за дома | 247884 | Регионална библиотека "Любен Каравелов" Русе | Регионална библиотека "Любен Каравелов" Русе | 1966-01-01 | Детски отдел | 0.95 | 18380/66 | ДХ 820/899/Я 71 | 18380/66 | 2 | 0.49 | N: стар фонд Дата: 01.01.1966 Дата инв: 17.09.2015 Бележки инв: Д2015 | Книги | Отч.N: 40/2017 , Дата: 07.09.2017 | ||
| Изтеглен | Не е изгубен | Universal Decimal Classification | Не е повреден | без рестрикции | заемане за дома | 247885 | Регионална библиотека "Любен Каравелов" Русе | Регионална библиотека "Любен Каравелов" Русе | Детски отдел | 1966-01-01 | Детски отдел | 0.95 | 18387/66 | ДХ 820/899/Я 71 | 18387/66 | 3 | 0.49 | N: стар фонд Дата: 01.01.1966 Дата инв: 28.10.2015 Бележки инв: Д2015 | Книги | |
| Изтеглен | Не е изгубен | Не е повреден | без рестрикции | заемане за дома | 247886 | Регионална библиотека "Любен Каравелов" Русе | Регионална библиотека "Любен Каравелов" Русе | 1966-01-01 | Детски отдел | 0.40 | 633416 | ДХ 820/899/Я 71 | 633416 | 4 | 0.20 | N: стар фонд Дата: 01.01.1966 Дата инв: 17.09.2015 Бележки инв: Д2015 | Книги | Отч.N: 39/2017 , Дата: 07.09.2017 | ||
| Не е изгубен | Universal Decimal Classification | Не е повреден | без рестрикции | заемане за дома | 247887 | Регионална библиотека "Любен Каравелов" Русе | Регионална библиотека "Любен Каравелов" Русе | Детски отдел | 1966-01-01 | Детски отдел | 0.95 | 17465/67 | ДХ 820/899/Я 71 | 900000103179 | 5 | 0.49 | Вид: Сф N: стар фонд Дата: 01.01.1966 Дата инв: 28.10.2015 Бележки инв: Д2015 | Книги |